Pokemon por imagen (#001 - #494) - Estadísticas

Estadísticas generales
  • Esta prueba ha sido intentada 84 veces
  • La puntuación promedio es 286 de 494
Estadísticas de respuestas
Imagen Respuesta % Correcto
Bulbasaur
94%
Charmander
94%
Charizard
92%
Pikachu
92%
Squirtle
92%
Blastoise
89%
Charmeleon
89%
Ekans
89%
Raichu
89%
Pidgeotto
88%
Pidgeot
86%
Psyduck
86%
Rattata
86%
Vulpix
86%
Abra
85%
Arbok
85%
Arcanine
85%
Caterpie
85%
Geodude
85%
Ivysaur
85%
Kakuna
85%
Meowth
85%
Metapod
85%
NIdoking
85%
Nidoqueen
85%
Ninetales
85%
Onix
85%
Raticate
85%
Wartortle
85%
Alakazam
83%
Beedrill
83%
Diglett
83%
Dugtrio
83%
Eevee
83%
Gengar
83%
Golem
83%
Kadabra
83%
Machoke
83%
Magikarp
83%
Nidorina
83%
Persian
83%
Pidgey
83%
Cubone
82%
Flareon
82%
Golduck
82%
Graveler
82%
Gyarados
82%
Hypno
82%
Lapras
82%
Machop
82%
Mankey
82%
Mr. Mime
82%
Muk
82%
Nidoran
82%
Nidorino
82%
Oddish
82%
Paras
82%
Ponyta
82%
Rapidash
82%
Slowbro
82%
Slowpoke
82%
Spearow
82%
Tauros
82%
Vaporeon
82%
Venusaur
82%
Voltorb
82%
Zubat
82%
Clefairy
80%
Ditto
80%
Doduo
80%
Gastly
80%
Haunter
80%
Hitmonlee
80%
Jolteon
80%
Machamp
80%
Magnemite
80%
Marowak
80%
Nidoran
80%
Porygon
80%
Starmie
80%
Cloyster
79%
Dragonite
79%
Golbat
79%
Grimer
79%
Growlithe
79%
Hitmonchan
79%
Koffing
79%
Magneton
79%
Parasect
79%
Sandslash
79%
Snorlax
79%
Staryu
79%
Tentacruel
79%
Vileplume
79%
Weedle
79%
Articuno
77%
Butterfree
77%
Electrode
77%
Fearow
77%
Jigglypuff
77%
Jynx
77%
Mew
77%
Mewtwo
77%
Pinsir
77%
Primeape
77%
Sandshrew
77%
Tangela
77%
Tentacool
77%
Zapdos
77%
Chansey
76%
Clefable
76%
Dragonair
76%
Dratini
76%
Electabuzz
76%
Horsea
76%
Kabuto
76%
Magmar
76%
Moltres
76%
Scyther
76%
Venomoth
76%
Venonat
76%
Weezing
76%
Aerodactyl
74%
Dodrio
74%
Gloom
74%
Goldeen
74%
Kangaskhan
74%
Bellsprout
73%
Drowzee
73%
Farfetch'd
73%
Lickitung
73%
Rhydon
73%
Rhyhorn
73%
Seadra
73%
Seaking
73%
Wigglytuff
73%
Kabutops
71%
Kingler
71%
Poliwag
71%
Poliwhirl
71%
Exeggcute
70%
Exeggutor
70%
Krabby
70%
Shellder
70%
Chikorita
68%
Dewgong
68%
Poliwrath
68%
Seel
68%
Weepinbell
68%
Omastar
67%
Celebi
65%
Cyndaquil
65%
Espeon
65%
Umbreon
65%
Victreebel
65%
Mareep
64%
Pichu
64%
Togepi
64%
Ampharos
62%
Blaziken
62%
Larvitar
62%
Porygon2
62%
Steelix
62%
Treecko
62%
Xatu
62%
Aron
61%
Combusken
61%
Crobat
61%
Entei
61%
Gardevoir
61%
Ho-Oh
61%
Mudkip
61%
Suicune
61%
Torchic
61%
Tyranitar
61%
Azumarill
59%
Elekid
59%
Feebas
59%
Hoothoot
59%
Houndoom
59%
Lugia
59%
Marill
59%
Milotic
59%
Natu
59%
Nosepass
59%
Pupitar
59%
Ralts
59%
Rayquaza
59%
Slowking
59%
Sudowoodo
59%
Togetic
59%
Totodile
59%
Bayleef
58%
Empoleon
58%
Heracross
58%
Latias
58%
Latios
58%
Meganium
58%
Miltank
58%
Noctowl
58%
Quilava
58%
Roselia
58%
Skarmory
58%
Ursaring
58%
Aggron
56%
Cleffa
56%
Donphan
56%
Girafarig
56%
Groudon
56%
Infernape
56%
Kingdra
56%
Kirlia
56%
Kyogre
56%
Lucario
56%
Ludicolo
56%
Magby
56%
Magcargo
56%
Plusle
56%
Regice
56%
Regirock
56%
Riolu
56%
Sableye
56%
Teddiursa
56%
Typhlosion
56%
Absol
55%
Altaria
55%
Chimchar
55%
Feraligatr
55%
Hitmontop
55%
Leafeon
55%
Ledyba
55%
Mantine
55%
Medicham
55%
Mightyena
55%
Phanpy
55%
Pineco
55%
Quagsire
55%
Registeel
55%
Sceptile
55%
Sentret
55%
Skitty
55%
Sunflora
55%
Unown
55%
Wailord
55%
Wooper
55%
Zigzagoon
55%
Ariados
53%
Bagon
53%
Deoxys
53%
Dialga
53%
Furret
53%
Giratina
53%
Glaceon
53%
Grovyle
53%
Lombre
53%
Lotad
53%
Lunatone
53%
Makuhita
53%
Metagross
53%
Misdreavus
53%
Monferno
53%
Palkia
53%
Piplup
53%
Politoed
53%
Poochyena
53%
Porygon-Z
53%
Raikou
53%
Remoraid
53%
Sharpedo
53%
Slugma
53%
Solrock
53%
Spinarak
53%
Swampert
53%
Torterra
53%
Wingull
53%
Wobbuffet
53%
Yanma
53%
Aipom
52%
Cascoon
52%
Combee
52%
Dunsparce
52%
Garchomp
52%
Gligar
52%
Igglybuff
52%
Lanturn
52%
Mawile
52%
Meditite
52%
Minun
52%
Numel
52%
Slaking
52%
Togekiss
52%
Tyrogue
52%
Arceus
50%
Azurill
50%
Bellossom
50%
Chinchou
50%
Corsola
50%
Croconaw
50%
Darkrai
50%
Duskull
50%
Dustox
50%
Flygon
50%
Hariyama
50%
Houndour
50%
Magmortar
50%
Magnezone
50%
Mamoswine
50%
Pelipper
50%
Piloswine
50%
Qwilfish
50%
Regigigas
50%
Roserade
50%
Scizor
50%
Seviper
50%
Shinx
50%
Shuppet
50%
Sneasel
50%
Turtwig
50%
Victini
50%
Wurmple
50%
Abomasnow
48%
Beldum
48%
Bidoof
48%
Blissey
48%
Cranidos
48%
Delibird
48%
Gallade
48%
Granbull
48%
Jirachi
48%
Lairon
48%
Luxio
48%
Murkrow
48%
Nincada
48%
Pachirisu
48%
Rotom
48%
Seedot
48%
Snubbull
48%
Spiritomb
48%
Staraptor
48%
Starly
48%
Swinub
48%
Torkoal
48%
Vigoroth
48%
Wailmer
48%
Zangoose
48%
Armaldo
47%
Banette
47%
Cacnea
47%
Cacturne
47%
Camerupt
47%
Carvanha
47%
Delcatty
47%
Exploud
47%
Gible
47%
Linoone
47%
Lopunny
47%
Luxray
47%
Nuzleaf
47%
Prinplup
47%
Slakoth
47%
Spoink
47%
Trapinch
47%
Vibrava
47%
Baltoy
45%
Barboach
45%
Breloom
45%
Corphish
45%
Cresselia
45%
Dusknoir
45%
Electrike
45%
Flaaffy
45%
Floatzel
45%
Glalie
45%
Ledian
45%
Manaphy
45%
Metang
45%
Ninjask
45%
Octillery
45%
Probopass
45%
Silcoon
45%
Staravia
45%
Swellow
45%
Uxie
45%
Beautifly
44%
Buneary
44%
Chatot
44%
Forretress
44%
Gabite
44%
Gastrodon
44%
Heatran
44%
Jumpluff
44%
Kecleon
44%
Loudred
44%
Manectric
44%
Marshtomp
44%
Munchlax
44%
Rampardos
44%
Rhyperior
44%
Shedinja
44%
Stantler
44%
Sunkern
44%
Tangrowth
44%
Toxicroak
44%
Weavile
44%
Yanmega
44%
Azelf
42%
Bronzor
42%
Budew
42%
Buizel
42%
Dusclops
42%
Finneon
42%
Gliscor
42%
Hoppip
42%
Kricketune
42%
Mesprit
42%
Mime Jr.
42%
Relicanth
42%
Shelgon
42%
Shuckle
42%
Smeargle
42%
Smoochum
42%
Spinda
42%
Tropius
42%
Vespiquen
42%
Whiscash
42%
Ambipom
41%
Castform
41%
Croagunk
41%
Electivire
41%
Grotle
41%
Happiny
41%
Kricketot
41%
Luvdisc
41%
Mismagius
41%
Shiftry
41%
Snorunt
41%
Spheal
41%
Taillow
41%
Volbeat
41%
Bastiodon
39%
Bibarel
39%
Chimecho
39%
Froslass
39%
Gulpin
39%
Hippopotas
39%
Illumise
39%
Mantyke
39%
Masquerain
39%
Sealeo
39%
Shaymin
39%
Shroomish
39%
Swablu
39%
Anorith
38%
Bonsly
38%
Carnivine
38%
Cherubi
38%
Clamperl
38%
Claydol
38%
Drapion
38%
Grumpig
38%
Lileep
38%
Salamence
38%
Shellos
38%
Shieldon
38%
Skiploom
38%
Surskit
38%
Walrein
38%
Whismur
38%
Bronzong
36%
Cherrim
36%
Lickilicky
36%
Phione
36%
Snover
36%
Swalot
36%
Burmy
35%
Crawdaunt
35%
Hippowdon
35%
Honchkrow
35%
Huntail
35%
Skorupi
35%
Wormadam
35%
Wynaut
35%
Cradily
33%
Gorebyss
33%
Purugly
33%
Skuntank
33%
Stunky
33%
Chingling
32%
Glameow
32%
Mothim
32%
Drifblim
30%
Drifloom
23%
Omanyte
2%
Lumineon
0%
No se encontraron pruebas coincidentes
Distribución de puntuación
Porcentaje de gente con cada puntuación
Porcentaje por número respondido
Historial de tus puntuaciones
No has intentado esta prueba.